000 nam a22 7a 4500
999 _c7817
_d7817
008 171018b xxu||||| |||| 00| 0 eng d
100 _aArora.S.
_94291
245 _aComputer Science with (C++)-XI
260 _aNew Delhi